000 00461 a2200157 4500
005 20250628064723.0
020 _a0-13-065577-5
082 _aTEA. LECT 657.48 SCO
100 _aSCOTT, W. R.
245 _aFinancial Accounting Theory.
250 _a3rd Ed
260 _aToronto,
_bPrentice-Hall,
_c2003.
300 _axiii, 509p.: ill.; figure, table
_bBibliography & Index
_c23cm
856 _yAccess Online Book
_fAccounting
_dwww.pearsoned.ca
942 _2ddc
_cBKS
999 _c3180
_d3180